|
|
|
|
| LEADER |
00000nam2a2200000 4500 |
| 001 |
119979 |
| 005 |
20231031124822.0 |
| 035 |
|
|
|a (RuTPU)RU\TPU\book\129899
|
| 090 |
|
|
|a 119979
|
| 100 |
|
|
|a 20070815d1976 km y0rusy50 ca
|
| 101 |
0 |
|
|a rus
|
| 102 |
|
|
|a RU
|
| 105 |
|
|
|a a z 001zy
|
| 200 |
0 |
|
|a Т. 4
|
| 210 |
|
|
|d 1976
|
| 215 |
|
|
|a 168 с.
|c ил.
|
| 320 |
|
|
|a Литература: с.160-166.
|
| 461 |
|
1 |
|0 (RuTPU)RU\TPU\book\141704
|t Процессы и аппараты химической технологии
|f Академия наук СССР (АН СССР) ; Всесоюзный институт научной и технической информации
|v Т. 4
|d 1973-
|s Процессы и аппараты химической технологии
|
| 610 |
1 |
|
|a химическая технология
|
| 610 |
1 |
|
|a процессы
|
| 610 |
1 |
|
|a аппараты
|
| 610 |
1 |
|
|a хемосорбция
|
| 610 |
1 |
|
|a микрокинетика
|
| 610 |
1 |
|
|a жидкофазные химические реакторы
|
| 610 |
1 |
|
|a классификация
|
| 610 |
1 |
|
|a масштабирование
|
| 610 |
1 |
|
|a расчет
|
| 610 |
1 |
|
|a проектирование
|
| 675 |
|
|
|a 66.02
|v 3
|
| 702 |
|
1 |
|a Кафаров
|b В. В.
|4 340
|
| 801 |
|
1 |
|a RU
|b 63413507
|c 20070815
|g PSBO
|
| 801 |
|
2 |
|a RU
|b 63413507
|c 20091214
|g PSBO
|
| 942 |
|
|
|c BK
|